| 000 | 00502nam a2200181Ia 4500 | ||
|---|---|---|---|
| 003 | OSt | ||
| 005 | 20260102152730.0 | ||
| 008 | 210210b1954 xxu||||| |||| 00| 0 eng d | ||
| 040 | _cAL | ||
| 041 | _akan | ||
| 082 | _a859/1847 | ||
| 100 |
_aSHANKARABHATTA (B) _9156614 _dಶಂಕರಭಟ್ಟ (ಬಿ) |
||
| 245 |
_aManimekhale: _bಮಣಿಮೇಖಲೆ |
||
| 260 |
_aMangaluru _bKannada Prapancha Prakashana _c1954 |
||
| 690 |
_aKannada Fiction _9156615 |
||
| 906 | _a022565 | ||
| 942 |
_2ddc _cBK |
||
| 999 |
_c146977 _d146977 |
||